| 000 | 00000nam##2200000za#4500 |
| 001 | 9.698921 |
| 003 | CaOODSP |
| 005 | 20240527135429 |
| 007 | cr ||||||||||| |
| 008 | 150407|2015||||xxc|||||o f|0| 0 eng|d |
| 020 | |a978-1-100-23292-8 |
| 040 | |aCaOODSP|beng |
| 043 | |an-cn--- |
| 086 | 1 |aCW66-386/2015E-PDF |
| 110 | 2 |aCanadian Wildlife Service. |
| 245 | 10|aBaie de L'Isle-Verte National Wildlife Area |h[electronic resource] |
| 260 | |aOttawa - Ontario : |bEnvironment Canada. |cc2014. |
| 300 | |a1p.|bmap, photographs |
| 590 | |a15-11|b2015-03-13 |
| 690 | 07|aWildlife management|2gcpds |
| 690 | 07|aConservation areas|2gcpds |
| 775 | 08|tRéserve nationale de faune de la Baie-de-L'Isle-Verte |w(CaOODSP)9.642907 |
| 776 | 0#|tBaie de L'Isle-Verte National Wildlife Area |w(CaOODSP)9.674015 |
| 776 | 0#|tRéserve nationale de faune de la Baie de L'Isle-Verte |w(CaOODSP)9.674016 |
| 856 | 40|ahttp://publications.gc.ca|qPDF|s471 KB|uhttps://publications.gc.ca/collections/collection_2015/ec/CW66-386-2015-eng.pdf |